=LDR 00000nam 2200000 4500 =001 NUTBA000000000003937 =005 20140829104302.0 =006 =007 =008 =020 ##$$a 978-602-19245-6-3 =035 ##$$a 0010-081400000000782 =040 ##$$a NBPDMAT =082 ##$$a 641.34 =084 ##$$a 641.34 Mut d =100 ##$$a Mutiara Syafitri =245 ##$$a Dahsyatnya Khasiat Jus Untuk Kolestrol / $c Mutiara Syafitri; editor ,Abdul Latief =260 ##$$a Jakarta : $b Dunia Sehat, $c 2012 =300 ##$$a vi, 92 hlm. : $b ilus. ; $c 19 cm. =650 ##$$a MINUMAN JUS =700 ##$$a Abdul Latief =990 ##$$a 21409502 =990 ##$$a 0001/BPAP-NTB/20142014 =990 ##$$a 0001/BPAP-NTB/20142014 =990 ##$$a 0001/BPAP-NTB/20142014 =990 ##$$a 0001/BPAP-NTB/20142014 =990 ##$$a 0001/BPAP-NTB/20142014